Statistiques concernant Personnages Harry Potter/Les Animaux Fantastiques

Cliquez ici pour prendre le quiz!

Statistiques générales

  • Ce quiz a été pris 357 fois
  • Le résultat moyen est 143 sur 233

Statistiques - réponses

NomPrénom% Correct
PotterJames Sirius
94%
BlackSirius
94%
DumbledoreAlbus
93%
Araignée de HagridAragog
93%
DiggoryCedric
91%
DelacourFleur
91%
PotterHarry
91%
GrangerHermione
91%
PotterLily
91%
PotterAlbus Severus
90%
LestrangeBellatrix
90%
ChangCho
90%
Elfe ami de HarryDobby
90%
DursleyDudley
90%
WeasleyFred
90%
WeasleyFred Junior
90%
WeasleyGeorge
90%
WeasleyGinny
90%
PotterLily Luna
90%
LovegoodLuna
90%
McgonagallMinerva
90%
WeasleyMolly
90%
WeasleyMolly Junior
90%
LondubatNeville
90%
DragonneauNorbert
90%
DursleyPétunia
90%
JedusorTom
90%
DursleyVernon
90%
WeasleyArthur
89%
WeasleyBill
89%
MalefoyDrago
89%
PotterJames
89%
MalefoyLucius
89%
LupinRemus
89%
RogueSeverus
89%
WeasleyCharlie
88%
GryffondorGodric
88%
AbbotHannah
88%
MalefoyNarcissa
88%
PettigrowPeter
88%
WeasleyRon
88%
SerdaigleRowena
88%
HagridRubeus
88%
PoufsouffleHelga
87%
KarkaroffIgor
87%
DuboisOlivier
87%
WeasleyPercy
87%
SerpentardSalazar
87%
DumbledoreAbelforth
86%
CrouptonBarty Junior
86%
CrouptonBarty Senior
86%
OmbrageDolores
86%
SlughornHorace
86%
Chat de RusardMiss Teigne
86%
Serpent de VoldemortNagini
86%
TonksNymphadora
86%
PatilPadma
86%
PatilParvati
86%
SkeeterRita
86%
CrabbeVincent
86%
DiggoryAmos
85%
CriveyColin
85%
LockhartGilderoy
85%
BellKatie
85%
FlamelNicolas
85%
TonksTed
85%
KrumViktor
85%
LovegoodXenophilius
85%
DumbledoreAriana
84%
FudgeCornelius
84%
MaugreyAlastor
83%
LondubatAlice
83%
RusardArgus
83%
Elfe des BlackKreattur
83%
Esprit frappeurPeeves
83%
ChouravePomona
83%
WeasleyRose
83%
FinniganSeamus
83%
ThomasDean
82%
GoyleGregory
82%
SerdaigleHelena
82%
BrownLavande
82%
TrelawneySibylle
82%
JohnsonAngelina
81%
DelacourGabrielle
81%
MaximeOlympe
81%
ParkinsonPansy
81%
JordanLee
80%
TourdesacBathilda
79%
GreybackFenrir
79%
Bryce | LondubatFrank
79%
GrindelwaldGellert
79%
Demi-Frère de HagridGraup
79%
LupinTeddy
79%
WeasleyHugo
78%
CarrowAlecto
76%
ShacklebotKingsley
76%
CarrowAmycus
75%
PomfreshPoppy
75%
DursleyMarjorie
74%
BibineRenée
74%
MalefoyScorpius
74%
ZabiniBlaise
73%
McLaggenCormac
73%
OllivanderGarrick
73%
DolohovAntonin
72%
ScrimgeourRufus
72%
RocadeStan
72%
CentaureFirenze
71%
CrochueBertie
70%
CriveyDennis
70%
GauntElvis
70%
Finch-FletcheyJustin
70%
FletcherMondingus
70%
DeauclairePénélope
70%
Elfe des CrouptonWinky
70%
Danlmur | MacmillanErnie
69%
PeverellIgnotus
69%
QuirrellQuirinus
69%
de Mimsy-PorpingtonNicholas
68%
DogeElphias
66%
Belby | FlintMarcus
66%
DumbledorePerceval
66%
WeasleyVictoire
66%
TonksAndromeda
65%
DumbledoreKendra
65%
GauntMerope
64%
FiggArabella
63%
Gobelin de GringottsGripsec
63%
BulstrodeMillicent
63%
BonesSusan
63%
SpinnetAlicia
62%
DippetArmando
62%
VerpeyLudovic
62%
LondubatAugusta
60%
SinistraAurora
60%
BellebosseMary Lou
59%
BurbageCharity
57%
PinceIrma
57%
LestrangeLeta
57%
HopkrikMafalda
57%
LestrangeRodolphus
57%
VaneRomilda
57%
GreengrassAstoria
53%
FortarômeFlorian
52%
BellebosseCroyance
51%
BinnsCuthbert
51%
GoldsteinQueenie
51%
GoldsteinAnthony
50%
KowalskiJacob
50%
WeasleyLouis
50%
DiggleDedalus
49%
GauntMorfin
49%
WeasleyRoxanne
48%
WeasleyDominique
47%
CornerMichael
47%
DragonneauThésée
46%
RosierEvan
45%
WeasleyLucy
45%
PrewettFabian
44%
Fabricant de baguettesGregorovitch
44%
BootTerry
44%
SmithZacharias
43%
JorkinsBertha
42%
GreengrassDaphné
42%
CattermoleReginald
42%
RogueTobias
42%
ThicknessPius
41%
RuncornAlbert
40%
BonesAmelia
40%
WeasleyBilius
40%
PrinceEileen
40%
PrewettGideon
40%
BlackPhineas Nigellus
40%
NottTheodore
40%
Gobe-PlancheWilhelmina
39%
RookwoodAugustus
38%
WeasleyMuriel
38%
DaviesRoger
38%
PeverellCadmus
37%
SmithHepzibah
37%
GoldsteinPorpentina
37%
VectorSeptima
37%
PeverellAntioche
36%
EdgecombeMarietta
36%
Elfe de Hepzibah SmithHokey
35%
VanceEmmeline
32%
BlackRegulus Arcturus
31%
PolkissPiers
29%
OgdenBob
28%
DawlishJohn
28%
PodmoreSturgis
27%
LestrangeCorvus
26%
GravesPercival
26%
KamaYusuf
26%
DerwentDilys
24%
CrockfordDoris
24%
MidgenÉloïse
24%
JonesHestia
24%
BellebosseModestie
24%
AbercrombieEuan
23%
PuceyAdrian
22%
CresswellDirk
22%
MacnairWalden
22%
BabblingBathsheba
21%
RobinsDemelza
21%
SloperJack
20%
BeurkCaractacus
19%
YaxleyCorban
19%
PeakesJimmy
19%
McKinnonMarlene
19%
BrûlopotSilvanus
19%
MalefoyAbraxas
18%
HornbyOlive
18%
JonesGwenog
17%
MarchebankGriselda
16%
FauconetteMiranda
15%
KirkeAndrew
14%
MorozBroderick
14%
CooteRichie
14%
PicquerySéraphine
14%
TêtenjoyGalatea
13%
BellebosseChastity
12%
HiggsTerence
12%
RowleThorfinn
12%
MontagueCraig
10%
EskivdurWilbert
10%
CuffeBarnabas
7%
Gobelin dans Les Animaux FantastiquesGnarlak
7%
TraversTorquil
7%

Distribution des résultats

Percentile par nombre de réponses

% des personnes avec chaque résultat

Votre développement - résultats

Vous n’avez pas pris ce quiz